| 000 | 00665nam a2200217 u 4500 | ||
|---|---|---|---|
| 005 | 20220808095120.0 | ||
| 008 | 181001s2016 es r 000 0 spa d | ||
| 020 | _a9788494464911 | ||
| 035 | _aUPN01000226932 | ||
| 049 | _aCG | ||
| 050 | 4 |
_aGR305 _bF3.2 |
|
| 245 | 0 | 0 |
_aFábulas y leyendas de la India / _ccomp. Joseph Jacobs ; tr. Eva González Rosales ; il. John D. Batten. |
| 260 |
_aMadrid : _bQuaterni, _c2016. |
||
| 300 |
_a213 p. : _bil. |
||
| 534 |
_pTítulo original: _tIndian Fairy Tales |
||
| 650 | 0 |
_aFolklore _zIndia _911178 |
|
| 650 | 0 |
_aCuentos hindúes _919622 |
|
| 700 | 1 |
_aJacobs, Joseph, _d1916- _ecomp. |
|
| 905 | _aLibro | ||
| 999 |
_c199028 _d199028 |
||